Music Quiz

Random Music or Numbers Quiz

Number 1 Hits 1982 Quiz Stats

 Plays Quiz not verified by Sporcle

Also try: 'Jolene' Lyrics
Challenge
Share
Tweet
Embed
Score 0/16 Timer 09:00
0 Plays Today
Week(s) Song % Correct
March 20, 27, April 3, 10, 17, 24, May 1I Love Rock N Roll
97%
January 9, 16 and 23Physical
93.1%
May 15, 22, 29, June 5, 12, 19 and 26Ebony and Ivory
93.1%
July 24, 31, August 7, 14, 21 and 28Eye of the Tiger
93.1%
February 6, 13, 20, 27, March 6 and 13Centerfold
90.1%
December 11Mickey
89.1%
July 3, 10 and 17Don't You Want Me
83.2%
November 6, 13 and 20Up Where We Belong
82.2%
Week(s) Song % Correct
October 2, 9, 16 and 23Jack and Diane
81.2%
December 18 and 25Maneater
75.2%
September 4 and 25Abracadabra
71.3%
May 8Chariots of Fire
68.3%
October 30Who Can It Be Now
68.3%
September 11 and 18Hard to Say I'm Sorry
50.5%
November 27 and December 4Truly
46.5%
January 30I Can't Go For That
42.6%

You're not logged in!

Compare scores with friends on all Sporcle quizzes.
Join for Free
OR
Log In

You Might Also Like...

Show Comments

Extras

Top Quizzes Today


Score Distribution

Your Account Isn't Verified!

In order to create a playlist on Sporcle, you need to verify the email address you used during registration. Go to your Sporcle Settings to finish the process.

Report this User

Report this user for behavior that violates our Community Guidelines.

Details: